000
00332nam a2200133 a 4500
005
20140414131917.0
008
101020s19uu xx 00 eng d
050
_a
ER
_b
W56 2007
245
_a
When I go to the shops.
260
_b
Peter Haddock,
_c
2007.
_a
London :
440
_a
Things to learn
999
_c
111556
_d
111556